Landlord and tenant : some recent developments (Record no. 23646)

MARC details
000 -LEADER
fixed length control field 00861cab a2200205 4500
001 - CONTROL NUMBER
control field ABS42363
008 - FIXED-LENGTH DATA ELEMENTS--GENERAL INFORMATION
fixed length control field 090401t xxu||||| |||| 00| 0 eng d
035 ## - SYSTEM CONTROL NUMBER
System control number (Sirsi) u36374
041 ## - LANGUAGE CODE
Language code of text/sound track or separate title eng
100 ## - MAIN ENTRY--PERSONAL NAME
Personal name Duxbury, R.
245 ## - TITLE STATEMENT
Title Landlord and tenant : some recent developments
260 ## - PUBLICATION, DISTRIBUTION, ETC.
Date of publication, distribution, etc. 8(2) Winter 1989/1990, 197-205(5)
350 ## - PRICE (NR) (BK AM CF MU VM SE) [OBSOLETE]
Price 0
490 ## - SERIES STATEMENT
Series statement Journal of Valuation
Volume/sequential designation 8(2) Winter 1989/1990, 197-205(5)
520 ## - SUMMARY, ETC.
Summary, etc. Considers the impact of the Landlord and Tenant Act 1988 on assignment ; the first reported case under Landlord and Tenant Act 1987 , Cousins v Metropolitan Guarantee Ltd (Abs 41268); a recent case on rent review , Glofield Properties Ltd v Morley (No 2) (Abs 41265) and the new rules relating to the formation of leases .
650 ## - SUBJECT ADDED ENTRY--TOPICAL TERM
Topical term or geographic name entry element CASE LAW
690 ## - LOCAL SUBJECT ADDED ENTRY--TOPICAL TERM (OCLC, RLIN)
Topical term or geographic name as entry element PROPERTY-LANDLORD AND TENANT
942 ## - ADDED ENTRY ELEMENTS (KOHA)
Suppress in OPAC 0
948 ## - LOCAL PROCESSING INFORMATION (OCLC); SERIES PART DESIGNATOR (RLIN)
c (OCLC) 04/03/1997
Holdings
Withdrawn status Lost status Source of classification or shelving scheme Damaged status Not for loan Home library Current library Shelving location Date acquired Total Checkouts Full call number Barcode Date last seen Copy number Price effective from Koha item type
    Dewey Decimal Classification     London London Journal article 14/09/1999   ABS42363 36374-1001 06/08/2019 1 06/08/2019 Journal article